000 00721nam a2200193 a 4500
001 000041345
005 20201002034816.0
008 131001s1991 sp 000 0 spa d
020 _a8400071468
040 _aDO-SdBNP
_bspa
_cBNPHU
245 0 0 _aEstudios (nuevos y viejos) sobre la frontera /
_cCoordinados por Francisco de Solano y Salvador Bernabeu.
260 _aMadrid :
_bCentro de Estudios Históricos,
_c1991.
300 _a419 p. ;
_c21 cm.
490 1 _aAnexos de Revista de Indias ;
_v4
700 1 _aSolano, Francisco de,
_ecoor.
_915306
700 1 _aBernabeu, Salvador,
_ecoor.
_967989
710 2 _aConsejo Superior de Investigaciones Sientíficas
_967215
830 0 _aAnexos de Revista de Indias ;
_n4
_967990
999 _c40835
_d40835